jugadores de La Liga con puntuaciones más altas en Fifa 24 - Estadísticas

Estadísticas generales
  • Esta prueba ha sido intentada 225 veces
  • La puntuación promedio es 17 de 103
Estadísticas de respuestas
Puntos Club jugador % Correcto
89 Real Madrid Vinicius Jr
89%
90 Real Madrid Courtois
86%
90 FC Barcelona Lewandowski
82%
89 FC Barcelona Ter Stegen
80%
88 Atlético de Madrid Griezmann
74%
86 FC Barcelona Pedri
73%
87 Real Madrid Modric
70%
86 Real Madrid Bellingham
66%
88 Atlético de Madrid Oblak
61%
83 FC Barcelona Gavi
56%
86 Real Madrid Kroos
53%
87 FC Barcelona De Jong
49%
82 Real Madrid Carvajal
47%
86 FC Barcelona Araujo
45%
86 Real Madrid Militao
43%
88 Real Madrid Valverde
43%
85 Real Madrid Rudiger
41%
86 Villarreal CF Parejo
34%
84 FC Barcelona Raphinha
34%
85 FC Barcelona Koundé
31%
85 Celta de Vigo Iago Aspas
29%
82 Real Madrid Mendy
26%
81 FC Barcelona Balde
25%
82 Real Madrid Camavinga
22%
83 Atlético de Madrid Morata
20%
86 FC Barcelona Gundogan
18%
81 Athletic Club Williams
18%
80 Real Betis Isco
17%
84 Real Madrid Tchouameni
17%
83 Real Sociedad Oyarzabal
16%
82 Real Madrid Joselu
15%
84 Atlético de Madrid De Paul
14%
82 Rayo Vallecano Isi
14%
84 Real Sociedad Mikel Merino
13%
86 FC Barcelona Cancelo
12%
84 Atlético de Madrid Marcos Llorente
11%
83 Real Madrid Nacho
11%
83 FC Barcelona Christensen
10%
80 Real Sociedad Kubo
10%
83 Atlético de Madrid Giménez
9%
82 FC Barcelona Iñigo Martínez
9%
81 Real Madrid Lucas Vázquez
9%
84 Real Sociedad Remiro
9%
83 Athletic Club Unai Simón
9%
80 Sevilla FC Jesús Navas
8%
81 FC Barcelona Joao Felix
7%
80 Atlético de Madrid Saúl
7%
85 Sevilla FC Acuña
6%
82 Atlético de Madrid Correa
6%
83 Real Betis Fekir
6%
83 Real Betis Borja Iglesias
5%
82 Valencia CF Gayá
5%
81 Real Madrid Kepa
5%
82 Real Sociedad Le Normand
5%
81 Sevilla FC Rakitic
5%
84 Atlético de Madrid Depay
4%
82 Atlético de Madrid Nahuel Molina
4%
81 Athletic Club Ohian Sancet
4%
82 Atlético de Madrid Savic
4%
80 Real Sociedad Zubimendi
4%
83 RCD Mallorca Darder
3%
82 Atlético de Madrid Hermoso
3%
82 Atlético de Madrid Javi Galán
3%
81 Athletic Club Muniain
3%
80 Real Sociedad Zubeldia
3%
81 Villarreal CF Albiol
2%
82 Sevilla FC En-Nesyri
2%
83 Real Betis Guido Rodríguez
2%
82 Atlético de Madrid Lemar
2%
80 RCD Mallorca Muriqi
2%
80 FC Barcelona Sergi Roberto
2%
80 Girona FC Aleix García
1%
80 Real Sociedad André Silva
1%
80 Athletic Club Berenguer
1%
81 Real Sociedad Brais Méndez
1%
80 CA Osasuna Chimy Ávila
1%
80 Villarreal CF Coquelin
1%
82 CA Osasuna David García
1%
80 Athletic Club De Marcos
1%
80 Celta de Vigo Fran Beltrán
1%
80 Sevilla FC Joan Jordán
1%
80 UD Las Palmas Jonathan Viera
1%
80 Sevilla FC Lamela
1%
80 Valencia CF Mamardashvili
1%
80 Sevilla FC Ocampos
1%
80 FC Barcelona Oriol Romeu
1%
81 Atlético de Madrid Reinildo
1%
81 Real Betis Rui Silva
1%
81 Real Betis William Carvalho
1%
81 Athletic Club Yeray
1%
80 Getafe CF Arambarri
0%
80 Girona FC Arnau Martínez
0%
81 Villarreal CF Capoue
0%
80 Real Betis Claudio Bravo
0%
80 Sevilla FC Dmitrović
0%
80 Real Sociedad Elustondo
0%
80 Villarreal CF Foyth
0%
80 Sevilla FC Gudelj
0%
80 Real Sociedad Hamari Traoré
0%
82 Cádiz CF Ledesma
0%
80 Getafe CF Soria
0%
80 Sevilla FC Suso
0%
80 Real Sociedad Tierney
0%
No se encontraron pruebas coincidentes
Distribución de puntuación
Porcentaje de gente con cada puntuación
Porcentaje por número respondido
Historial de tus puntuaciones
No has intentado esta prueba.